| 000 | 01401cam a2200325 i 4500 | ||
|---|---|---|---|
| 003 | SA-RiAUC | ||
| 005 | 20241011163005.0 | ||
| 008 | 241006s1997 su g b 000 0 ara c | ||
| 020 | _a9960031977 | ||
| 040 |
_aAE-AiULD _bara _cSA-RiAUC _erda |
||
| 043 | _afe----- | ||
| 050 | 4 | _b.B24 1997 | |
| 082 | 0 | 4 | _a214.2 |
| 090 |
_a214.2 _bب ا ب |
||
| 100 | 1 |
_aبابكور، عمر سالم عمر، _d1380 هجري- _eمؤلف. |
|
| 245 | 1 | 2 |
_aالإسلام والتحدي التنصيري في شرق إفريقيا، 1261-1396 هـ / 1844-1950 م / _cإعداد عمر سالم عمر بابكور. |
| 264 | 1 |
_aمكة المكرمة : _bجامعة أم القرى، _c1997 |
|
| 300 |
_a503 صفحة ؛ _c24 سم. |
||
| 336 |
_aنص _btxt _2rdacontent _3كتاب |
||
| 337 |
_aبدون وسيط _bn _2rdamedia |
||
| 338 |
_aمجلد _bnc _2rdacarrier |
||
| 440 | 0 |
_aالرسائل العلمية (جامعة أم القرى) _v10 |
|
| 500 | _aالأصل أطروحة (دكتوراه)-جامعة أم القرى. | ||
| 504 | _aببليوجرافية : صفحة 473-501. | ||
| 650 | 7 |
_aالإرساليات التبشيرية _zإفريقيا الشرقية _2aucsh |
|
| 650 | 7 |
_aالإسلام والمسيحية _2aucsh |
|
| 942 |
_2ddc _cBOOK _n0 |
||
| 949 |
_aSA-JeALM _d241006 _umohamedma123 _n1 |
||
| 999 |
_c1195 _d1195 |
||